000 00260nam a22001097a 4500
008 160507b xxu||||| |||| 00| 0 eng d
020 _a0763747246
041 _aeng
080 _a615
245 _aPharmacy practice and the law:
_cRichard Abood;
942 _2udc
_cBK
999 _c1891
_d1891